| 000 | 00410nam a2200157Ia 4500 | ||
|---|---|---|---|
| 008 | 130318s9999 xx 000 0 und d | ||
| 020 | _a8178083035 | ||
| 082 | _a005.74 ULL/F | ||
| 100 | _aUllman, Jeffrey D | ||
| 245 | _aFirst course in database systems | ||
| 260 |
_bPearson Education _aNew Delhi _c1997 |
||
| 300 | _a470 | ||
| 650 | _aDATABASE MANAGEMENT SYSTEM | ||
| 650 | _aDBMS | ||
| 700 | _aWidom, Jennifer | ||
| 999 |
_c992 _d992 |
||